National History Outline [ch] / (Record no. 55078)
[ view plain ]
| 000 -LEADER | |
|---|---|
| fixed length control field | 00491nam a22001697a 4500 |
| 005 - DATE AND TIME OF LATEST TRANSACTION | |
| control field | 20260105154510.0 |
| 008 - FIXED-LENGTH DATA ELEMENTS--GENERAL INFORMATION | |
| fixed length control field | 260105b |||||||| |||| 00| 0 eng d |
| 040 ## - CATALOGING SOURCE | |
| Original cataloging agency | BSOP |
| 100 ## - MAIN ENTRY--PERSONAL NAME | |
| Linkage | 880-1 |
| Personal name | Mu, Qian. |
| 245 ## - TITLE STATEMENT | |
| Title | National History Outline [ch] / |
| Statement of responsibility, etc | Qian Mu; |
| 264 ## - PRODUCTION, PUBLICATION, DISTRIBUTION, MANUFACTURE STATEMENTS | |
| Place of production, publication, distribution, manufacture | Taipei City: |
| Name of producer, publisher, distributor, manufacturer | <a href="Taipei Municipal National Compilation and Translation Bureau;">Taipei Municipal National Compilation and Translation Bureau;</a> |
| Date of production, publication, distribution, manufacture | 1948. |
| 300 ## - PHYSICAL DESCRIPTION | |
| Extent | 294p.; |
| Dimensions | 21cm. |
| 440 ## - SERIES STATEMENT/ADDED ENTRY--TITLE | |
| Volume number/sequential designation | 2nd |
| 880 ## - ALTERNATE GRAPHIC REPRESENTATION | |
| Linkage | 100-1 |
| a | 錢穆撰 |
| 880 ## - ALTERNATE GRAPHIC REPRESENTATION | |
| Linkage | 245-1 |
| a | 國史大綱 |
| 942 ## - ADDED ENTRY ELEMENTS (KOHA) | |
| Source of classification or shelving scheme | Dewey Decimal Classification |
| Item type | Books |
No items available.
